Africa and global diplomacy: challenges for international security (Record no. 27030)

MARC details
000 -LEADER
fixed length control field 00504nam a2200169Ia 4500
020 ## - INTERNATIONAL STANDARD BOOK NUMBER
ISBN 9789780813758
050 ## - CALL MARK
Classification number JZ 1773 .D36/
100 ## - STATEMENT OF RESPONSIBILITY--MAIN AUTHOR NAME
Personal name Danfulani, S. A.
245 #0 - TITLE STATEMENT
Title Africa and global diplomacy: challenges for international security
260 ## - PUBLICATION, DISTRIBUTION, ETC. (IMPRINT)
Name of publisher HEBN Publishers Plc
260 ## - PUBLICATION, DISTRIBUTION, ETC. (IMPRINT)
Year of publication 2010
300 ## - PHYSICAL DESCRIPTION
Number of Pages 260 p
650 ## - SUBJECT ADDED ENTRY--TOPICAL TERM
Topical Term Security, International. Africa--Foreign relations--21st century.
942 ## - ADDED ENTRY ELEMENTS (KOHA)
Koha item type Books
Holdings
Withdrawn status Lost status Source of classification or shelving scheme Damaged status Not for loan Permanent Location Current Location Shelving location Date acquired Accession Number Price effective from Koha item type
    Library of Congress Classification     NILE UNIVERSITY OF NIGERIA - MAIN LIBRARY NILE UNIVERSITY OF NIGERIA - MAIN LIBRARY Items on shelf 04/23/2025 0186668 04/23/2025 Books